John Carpenter Filmography - Statistics

General Stats
  • This quiz has been taken 146 times
    37 since last reset
  • The average score is 54 of 110
Answer Stats
Type Year Name % Correct
Film Director 1982 The Thing
97%
Film Cameo 1982 The Thing
97%
Video Game 2002 The Thing
97%
Film Director 1978 Halloween
93%
Film Screenplay 1978 Halloween
93%
Film Composer 1978 Halloween
93%
Film Cameo 1978 Halloween
93%
Film Production 2018 Halloween
93%
Film Composer 2018 Halloween
93%
Film Director 1981 Escape from New York
83%
Film Screenplay 1981 Escape from New York
83%
Film Composer 1981 Escape from New York
83%
Film Cameo 1981 Escape from New York
83%
Film Director 1996 Escape from L.A.
80%
Film Screenplay 1996 Escape from L.A.
80%
Film Composer 1996 Escape from L.A.
80%
Film Director 1980 The Fog
77%
Film Screenplay 1980 The Fog
77%
Film Composer 1980 The Fog
77%
Film Cameo 1980 The Fog
77%
Film Production 2005 The Fog
77%
Film Director 1988 They Live
77%
Film Screenplay 1988 They Live
77%
Film Composer 1988 They Live
77%
Film Cameo 1988 They Live
77%
Film Director 1974 Dark Star
73%
Film Screenplay 1974 Dark Star
73%
Film Production 1974 Dark Star
73%
Film Composer 1974 Dark Star
73%
Film Cameo 1974 Dark Star
73%
Film Director 1987 Prince of Darkness
73%
Film Screenplay 1987 Prince of Darkness
73%
Film Composer 1987 Prince of Darkness
73%
Film Director 1976 Assault on Precinct 13
70%
Film Screenplay 1976 Assault on Precinct 13
70%
Film Composer 1976 Assault on Precinct 13
70%
Film Editor 1976 Assault on Precinct 13
70%
Film Cameo 1976 Assault on Precinct 13
70%
Film Director 1986 Big Trouble in Little China
70%
Film Composer 1986 Big Trouble in Little China
70%
Film Cameo 1986 Big Trouble in Little China
70%
Film Director 1983 Christine
70%
Film Composer 1983 Christine
70%
Film Screenplay 1981 Halloween II
67%
Film Production 1981 Halloween II
67%
Film Composer 1981 Halloween II
67%
Film Production 1982 Halloween III: Season of the Witch
60%
Film Director 1994 In the Mouth of Madness
60%
Film Composer 1994 In the Mouth of Madness
60%
Film Director 1984 Starman
60%
Film Cameo 1984 Starman
60%
Film Production 2022 Halloween Ends
57%
Film Composer 2022 Halloween Ends
57%
Film Production 2021 Halloween Kills
53%
Film Composer 2021 Halloween Kills
53%
Film Director 1992 Memoirs of an Invisible Man
53%
Film Cameo 1992 Memoirs of an Invisible Man
53%
Film Director 1998 Vampires
53%
Film Composer 1998 Vampires
53%
Film Director 2010 The Ward
50%
Film Director 2001 Ghosts of Mars
47%
Film Screenplay 2001 Ghosts of Mars
47%
Film Composer 2001 Ghosts of Mars
47%
TV Film Director 1979 Elvis
43%
Film Director 1995 Village of the Damned
43%
Film Composer 1995 Village of the Damned
43%
Film Cameo 1995 Village of the Damned
43%
TV Film Director 1993 Body Bags
37%
TV Film Screenplay 1993 Body Bags
37%
TV Film Production 1993 Body Bags
37%
TV Film Composer 1993 Body Bags
37%
TV Film Director 1978 Someone's Watching Me!
20%
TV Film Screenplay 1978 Someone's Watching Me!
20%
Film Production 1984 The Philadelphia Experiment
20%
TV Film Screenplay 1979 Better Late Than Never
17%
Film Screenplay 1986 Black Moon Rising
17%
Film Production 1986 Black Moon Rising
17%
TV Film Screenplay 1991 Blood River
17%
Short Film Director 1969 Captain Voyeur
17%
Short Film Screenplay 1969 Captain Voyeur
17%
Short Film Production 1969 Captain Voyeur
17%
Short Film Composer 1969 Captain Voyeur
17%
Short Film Editor 1969 Captain Voyeur
17%
TV Film Screenplay 1990 El Diablo
17%
Film Screenplay 1978 Eyes of Laura Mars
17%
Film Composer 2022 Firestarter
17%
Web Mini-Series Director 2023 John Carpenter's Suburban Screams
17%
TV Show Director 2005, 2006 Masters of Horror
17%
Short Film Screenplay 1970 The Resurrection of Broncho Billy
17%
Short Film Composer 1970 The Resurrection of Broncho Billy
17%
Short Film Editor 1970 The Resurrection of Broncho Billy
17%
Film Production 2002 Vampires: Los Muertos
17%
TV Film Screenplay 1978 Zuma Beach
17%
Video Game 2011 F.E.A.R. 3
13%
TV Film Screenplay 1999 Silent Predators
13%
Film Cameo 2022 Studio 666
13%
Short Film Acting Role 2016 The Puppet Man
13%
Short Film Composer 2016 The Puppet Man
13%
Documentary Appearance 2019 The Rise of the Synths
13%
TV Show Composer 2015-2017 Zoo
13%
Film Editor 1973 Last Foxtrot in Burbank
10%
Video Game 1998 Sentinel Returns
10%
Film Cameo 1986 The Boy Who Could Fly
10%
Film Cameo 1994 The Silence of the Hams
10%
Short Film Composer 2021 Halloween Immortal
7%
Film Composer 1982 Halloween III: Season of the Witch
3%
Film Screenplay 1982 Halloween III: Season of the Witch
3%
Web Mini-Series Production 2023 John Carpenter's Suburban Screams
3%
Documentary Mini-Series Appearance 2023 Amityville: An Origin Story
0%
Web Mini-Series Appearance 2024 John Mulaney Presents: Everybody's in LA
0%
No matching quizzes found
Score Distribution
Percent of People with Each Score
Percentile by Number Answered
Your Score History
You have not taken this quiz since the last reset